| 000 | 00659nam a2200181 i 4500 | ||
|---|---|---|---|
| 001 | 78680 | ||
| 003 | ES-MaACL | ||
| 005 | 20230906173801.0 | ||
| 007 | t| | ||
| 008 | 041015q1957 sp ||||1| spa d | ||
| 100 | 1 |
_aHecht, Selig. _962274 |
|
| 245 | 1 | 0 |
_aDivulgación de los misterios del átomo / _cSelig Hecht ; revisada y ampliada con cuatro capítulos adicionales por Eugenio Rabinowitch ; versión española de Federico Armenter. |
| 260 |
_aBarcelona : _bBetis, _c[1957?] |
||
| 300 |
_a242 p. : _bil. ; _c20 cm. |
||
| 700 | 1 |
_aRabinowitch, Eugenio. _994869 |
|
| 700 | 1 |
_aArmenter de Monasterio, Federico. _922956 |
|
| 852 |
_aES-MaACL _jC-14064 _bR.41902 |
||
| 999 |
_c78680 _d78680 |
||